000 00186nam a2200085Ia 4500
008 120527s9999 xx 000 0 und d
100 _aBrom, D. Jonathan
245 _aThe Self
942 _cBK
999 _c27406
_d27406